Risk roulette (Record no. 5084)

MARC details
000 -CABECERA
campo de control de longitud fija 02137cam a2200301 i 4500
001 - NÚMERO DE CONTROL
campo de control 991107478093406196
005 - FECHA Y HORA DE LA ÚLTIMA TRANSACCIÓN
campo de control 20251022151105.0
008 - DATOS DE LONGITUD FIJA--INFORMACIÓN GENERAL
campo de control de longitud fija 240712t20252025enk b 001 0 eng
010 ## - NÚMERO DE CONTROL DE LA BIBLIOTECA DEL CONGRESO
Número de control de LC 2024032029
020 ## - NÚMERO INTERNACIONAL ESTÁNDAR DEL LIBRO
Número Internacional Estándar del Libro 9781398616059
035 ## - NÚMERO DE CONTROL DEL SISTEMA
Número de control de sistema (OCoLC)1446129891
035 ## - NÚMERO DE CONTROL DEL SISTEMA
Número de control de sistema (OCoLC)on1446129891
040 ## - FUENTE DE LA CATALOGACIÓN
Centro catalogador/agencia de origen DLC
Lengua de catalogación eng
Normas de descripción rda
Centro/agencia transcriptor DLC
Centro/agencia modificador OCLCO
-- IG#
-- YDX
041 ## - CÓDIGO DE LENGUA
Código de lengua del texto/banda sonora o título independiente eng
042 ## - CÓDIGO DE AUTENTICACIÓN
Código de autenticación pcc
050 00 - SIGNATURA TOPOGRÁFICA DE LA BIBLIOTECA DEL CONGRESO
Número de clasificación HB615
Número de documento/Ítem .R838 2025
100 ## - ENTRADA PRINCIPAL--NOMBRE DE PERSONA
Nombre de persona Ruddick, Graham
Término indicativo de función/relación author
9 (RLIN) 26268
245 10 - MENCIÓN DE TÍTULO
Título Risk roulette
Resto del título : the surprising reasons why some businesses work and others fail
Mención de responsabilidad, etc. / Graham Ruddick.
260 ## - PUBLICACIÓN, DISTRIBUCIÓN, ETC.
Lugar de publicación, distribución, etc. London ;
-- New York, NY :
Nombre del editor, distribuidor, etc. Kogan Page Inc.,
Fecha de publicación, distribución, etc. 2025.
300 ## - DESCRIPCIÓN FÍSICA
Extensión 198 pages ;
Dimensiones 22 cm.
504 ## - NOTA DE BIBLIOGRAFÍA, ETC.
Nota de bibliografía, etc. Includes bibliographical references and index.
505 0# - NOTA DE CONTENIDO CON FORMATO
Nota de contenido con formato Introduction: The chief risk officer — Risk is in the eye of the beholder — The six-foot tall man who drowned in the five-foot deep — stream — Innovation — All in — When to quit — Pushing the boundaries — Skydiving — Protecting what you have — FOMO — To infinity and beyond — Everyone has a stake — The existential crisis — Clusters.
520 ## - SUMARIO, ETC.
Sumario, etc. Success requires taking a risk, or two. But have you ever bet the house on a seemingly good idea for it to become a bad business decision? Risk isn't just about being risky and having a blasé attitude to responsibility. It's about understanding risk more broadly, from the level of risk involved in a decision and how to reduce it, to the difference between short-term and long-term risk. Based on fifteen years researching and interviewing leaders from around the world, including Baroness Martha Lane Fox, Andre Lacroix, Ed Smith, Ayrton Senna from Formula 1 and more, journalist Graham Ruddick, has found that there's a pivotal trait leaders have when it comes to success: they understand risk. Join icons from the worlds of business, finance, journalism and sport who know how to make risk work for them and push the boundaries so you can elevate your business.
650 #0 - PUNTO DE ACCESO ADICIONAL DE MATERIA--TÉRMINO DE MATERIA
Término de materia o nombre geográfico como elemento de entrada Risk
9 (RLIN) 4552
650 #0 - PUNTO DE ACCESO ADICIONAL DE MATERIA--TÉRMINO DE MATERIA
Término de materia o nombre geográfico como elemento de entrada Risk management
9 (RLIN) 2878
650 #0 - PUNTO DE ACCESO ADICIONAL DE MATERIA--TÉRMINO DE MATERIA
Término de materia o nombre geográfico como elemento de entrada Success in business
9 (RLIN) 1506
942 ## - ELEMENTOS DE ENTRADA AGREGADA (KOHA)
Fuente del sistema de clasificación o colocación Clasificación de Library of Congress
Holdings
Estado de retiro Estado de pérdida Fuente del sistema de clasificación o colocación Estado dañado No para préstamo Biblioteca de origen Biblioteca actual Fecha de adquisición Total de préstamos Signatura topográfica completa Código de barras Fecha visto por última vez Número de copia Precio válido a partir de Tipo de ítem Koha
    Clasificación de Library of Congress     TBS Barcelona TBS Barcelona 22/10/2025   HB615 RUD B05797 22/10/2025 1 22/10/2025 Book

Powered by Koha